Dios envió a un hombre
Guardat en:
| Autor principal: | |
|---|---|
| Format: | Llibre |
| Idioma: | espanyol |
| Publicat: |
A.C.E.S.
1994.
|
| Matèries: | |
| Etiquetes: |
Afegir etiqueta
Sense etiquetes, Sigues el primer a etiquetar aquest registre!
|
MARC
| LEADER | 00000nam a22000005a 4500 | ||
|---|---|---|---|
| 001 | 7985 | ||
| 003 | CL-ChBUA | ||
| 005 | 20120815103049.0 | ||
| 008 | 070301s1994 ag 000 0 spa | ||
| 020 | |a 9505734387 | ||
| 040 | |a CL-ChBUA |c CL-ChBUA | ||
| 082 | 0 | 0 | |a 922 |
| 090 | |c 7985 |d 7985 | ||
| 100 | 1 | |a Haynes, Carlyle B. | |
| 245 | 1 | 0 | |a Dios envió a un hombre |
| 260 | |b A.C.E.S. |c 1994. | ||
| 300 | |a 240 p. |c 20 cm. | ||
| 650 | 4 | |a BIOGRAFIA Y GENEALOGIA. | |
| 942 | |c LIB | ||
| 952 | |0 0 |1 0 |4 0 |7 0 |9 11871 |a UNACH |b UNACH |c 900 |d 2007-03-05 |i 29.973. |l 0 |o 922 / H 424. c.1 |p 12870 |r 2012-12-27 00:00:00 |u 11871 |w 2012-08-08 |y LIB |k 922 / H 424. c.1 | ||
| 952 | |0 0 |1 0 |4 0 |7 0 |9 11872 |a UNACH |b UNACH |c 900 |d 2007-03-05 |i 29.217. |l 1 |o 922 / H 424. c.2 |p 12871 |r 2016-01-21 00:00:00 |s 2016-01-14 |u 11872 |w 2012-08-08 |y LIB |k 922 / H 424. c.2 | ||
| 952 | |0 0 |1 0 |4 0 |7 0 |9 11873 |a UNACH |b UNACH |c 900 |d 2007-03-05 |i 38.510. |l 2 |o 922 / H 424. c.3 |p 12872 |r 2017-10-11 00:00:00 |s 2017-10-06 |u 11873 |w 2012-08-08 |y LIB |k 922 / H 424. c.3 | ||
| 952 | |0 0 |1 0 |4 0 |7 0 |9 11874 |a UNACH |b UNACH |c 900 |d 2007-03-05 |i 29.972. |l 8 |m 6 |o 922 / H 424. c.4 |p 12873 |r 2017-10-03 00:00:00 |s 2017-09-28 |u 11874 |w 2012-08-08 |y LIB |k 922 / H 424. c.4 | ||
| 999 | |c 7985 |d 7985 | ||